01614nam a2200373Ia 4500001001200000003000800012006001900020007001500039008004100054020001800095020001800113020001500131040002100146035002100167050002200188082001600210111009300226245021200319246003300531260004800564300002200612500008500634504004100719533015200760650002900912650002800941650002900969650003300998655002901031700002201060710001701082856012601099999001501225ebr10699083CaPaEBRm o u cr cn|||||||||060202s2005 njua sb 100 0 eng d z9789812384317 z9789812703095 z9812384316 aCaPaEBRcCaPaEBR a(OCoLC)66695627814aQ300b.I57 2004eb04a003/.522232 aInternational Workshop on Human and Machine Perceptionn(6th :d2004 :cOristano, Italy)10aHuman & machine perceptionh[electronic resource] :bcommunication, interaction, and integration : Santa Caterina di Pittinuri, Oristano, Italy, September 6-9, 2004 /ceditors, Sergio Vitulano ... [et al.].3 aHuman and machine perception aHackensack, NJ :bWorld Scientific,cc2005. ax, 172 p. :bill. aProceedings of the Sixth International Workshop on Human and Machine Perception. aIncludes bibliographical references. aElectronic reproduction.bPalo Alto, Calif. :cebrary,d2013.nAvailable via World Wide Web.nAccess may be limited to ebrary affiliated libraries. 0aCyberneticsvCongresses. 0aPerceptionvCongresses. 0aData miningvCongresses. 0aComputer visionvCongresses. 7aElectronic books.2local1 aVitulano, Sergio.2 aebrary, Inc.40uhttp://site.ebrary.com/lib/rucke/Doc?id=10699083zAn electronic book accessible through the World Wide Web; click to view c6592d6592